000 00536nam a2200169Ia 4500
005 20260302161942.0
008 260302s9999 xx 000 0 und d
020 _a9781844071166
082 _a339.4609
_bBAS
100 _aBass, Stephen
245 0 _aReducing Poverty and Sustaining the Environment /
_cBass, Stephen
260 _bRoutledge,
_c2005
300 _a343 pages
520 _aFirst Published in 2005. Routledge is an imprint of Taylor & Francis, an informa company.
650 _aBusiness & Economics
942 _cENGLISH
999 _c616711
_d616711